[Event "EYCC 2024 - O08"]
[Site "?"]
[Date "2024.08.29"]
[Round "7.10"]
[White "Huzela, Lukyan"]
[Black "Von Gehlen, Elian"]
[Result "1-0"]
[BlackElo "1494"]
[WhiteElo "1577"]
[LiveChessVersion "1.4.8"]

1. e4 c6 {[%clk 1:30:50]} 2. Nf3 {[%clk 1:31:22]} d5 {[%clk 1:31:10]} 3. Nc3
{[%clk 1:31:45]} dxe4 {[%clk 1:31:28]} 4. Nxe4 {[%clk 1:32:09]} Nf6 5. Qe2
{[%clk 1:32:30]} Nxe4 {[%clk 1:31:50]} 6. Qxe4 {[%clk 1:32:53]} Qa5
{[%clk 1:31:43]} 7. b4 {[%clk 1:22:52]} Qd5 {[%clk 1:27:06]} 8. Bd3
{[%clk 1:19:34]} Qxe4+ {[%clk 1:26:03]} 9. Bxe4 {[%clk 1:20:03]} Bg4
{[%clk 1:24:55]} 10. b5 e6 {[%clk 1:24:19]} 11. Ne5 {[%clk 1:16:57]} Bf5
{[%clk 1:24:30]} 12. Bf3 {[%clk 1:17:10]} Nd7 {[%clk 1:21:31]} 13. Bb2
{[%clk 1:15:02]} cxb5 {[%clk 1:20:19]} 14. Bxb7 {[%clk 1:15:14]} Rb8
{[%clk 1:20:29]} 15. Bc6 {[%clk 1:15:37]} Rd8 {[%clk 1:19:43]} 16. Nxd7
{[%clk 1:15:18]} Rxd7 {[%clk 1:20:08]} 17. Bxb5 {[%clk 1:15:34]} Kd8
{[%clk 1:20:23]} 18. Bxd7 {[%clk 1:15:57]} Kxd7 {[%clk 1:20:51]} 19. d3
{[%clk 1:15:33]} Bb4+ {[%clk 1:20:30]} 20. Ke2 {[%clk 1:15:42]} Rc8
{[%clk 1:20:37]} 21. Kd1 {[%clk 1:15:33]} g6 {[%clk 1:20:37]} 22. f3
{[%clk 1:15:55]} h5 {[%clk 1:20:37]} 23. h3 {[%clk 1:16:18]} g5 {[%clk 1:19:16]}
24. g4 {[%clk 1:15:29]} Bg6 25. Bf6 {[%clk 1:15:45]} Bc3 {[%clk 1:19:19]} 26.
Bxc3 Rxc3 {[%clk 1:19:27]} 27. Rb1 {[%clk 1:16:27]} Kc6 28. Rb3 {[%clk 1:16:42]}
Rc5 {[%clk 1:19:36]} 29. Kd2 {[%clk 1:16:46]} f5 {[%clk 1:19:19]} 30. Rc3
{[%clk 1:17:08]} f4 {[%clk 1:19:02]} 31. Rxc5+ {[%clk 1:17:26]} Kxc5
{[%clk 1:19:19]} 32. Re1 {[%clk 1:17:20]} Kd5 {[%clk 1:19:35]} 33. c4+
{[%clk 1:17:32]} Kd6 34. c5+ {[%clk 1:17:58]} Kd7 {[%clk 1:19:08]} 35. c6+ Ke7
{[%clk 1:19:28]} 36. c7 {[%clk 1:18:26]} Kd7 {[%clk 1:19:49]} 37. Rxe6
{[%clk 1:18:46]} Bf7 {[%clk 1:19:11]} 38. Re7+ {[%clk 1:19:05]} Kxe7
{[%clk 1:19:29]} 39. c8=Q {[%clk 1:19:32]} h4 {[%clk 1:19:40]} 40. Qb7+
{[%clk 1:19:53]} Kf6 41. Qc6+ {[%clk 1:20:11]} Ke7 {[%clk 1:20:09]} 42. d4
{[%clk 1:20:39]} Kd8 {[%clk 1:20:29]} 43. Qf6+ {[%clk 1:20:52]} Ke8
{[%clk 1:20:45]} 44. d5 {[%clk 1:21:16]} Kf8 {[%clk 1:20:58]} 45. d6
{[%clk 1:21:38]} Kg8 {[%clk 1:21:06]} 46. d7 {[%clk 1:21:50]} Kh7
{[%clk 1:21:26]} 47. d8=Q {[%clk 1:21:49]} Bg8 {[%clk 1:21:44]} 48. Qde7+
{[%clk 1:22:12]} Bf7 {[%clk 1:21:58]} 49. Qexf7# {[%clk 1:22:38]} 1-0

[Event "EYCC 2024 - O08"]
[Site "?"]
[Date "2024.08.29"]
[Round "7.11"]
[White "Kapelinsky, Amos"]
[Black "Zolotarev, Iaroslav"]
[Result "1-0"]
[BlackElo "1569"]
[WhiteElo "1430"]
[LiveChessVersion "1.4.8"]

1. e4 {[%clk 1:30:54]} e6 {[%clk 1:30:54]} 2. d4 {[%clk 1:31:15]} d5
{[%clk 1:31:19]} 3. Nc3 {[%clk 1:31:32]} Bb4 {[%clk 1:31:37]} 4. e5
{[%clk 1:31:29]} Ne7 {[%clk 1:31:42]} 5. Bg5 {[%clk 1:29:59]} b6 {[%clk 1:27:34]}
6. Qg4 {[%clk 1:25:51]} g6 {[%clk 1:21:29]} 7. Bf6 {[%clk 1:25:21]} Rg8
{[%clk 1:18:15]} 8. Nge2 {[%clk 1:23:55]} Nd7 {[%clk 1:16:06]} 9. Bg5
{[%clk 1:17:36]} Ba6 {[%clk 1:12:16]} 10. O-O-O {[%clk 1:16:52]} Bxc3
{[%clk 1:02:47]} 11. Nxc3 {[%clk 1:17:14]} Bxf1 {[%clk 1:03:02]} 12. Rdxf1
{[%clk 1:17:31]} a6 {[%clk 1:00:57]} 13. f4 {[%clk 1:15:58]} c5 {[%clk 0:59:14]}
14. Ne2 {[%clk 1:12:42]} Rc8 {[%clk 0:55:38]} 15. Kb1 {[%clk 1:12:40]} cxd4
{[%clk 0:53:23]} 16. Nxd4 {[%clk 1:12:13]} Rc4 {[%clk 0:53:12]} 17. Nxe6
{[%clk 1:11:21]} fxe6 {[%clk 0:51:56]} 18. Qxe6 {[%clk 1:11:42]} Rf8
{[%clk 0:49:08]} 19. h4 {[%clk 0:56:05]} Nc5 {[%clk 0:47:12]} 20. Qh3
{[%clk 0:51:23]} Qd7 {[%clk 0:46:02]} 21. g4 {[%clk 0:48:14]} Qb5
{[%clk 0:43:30]} 22. Rf3 {[%clk 0:41:56]} Rb4 {[%clk 0:40:19]} 23. b3
{[%clk 0:40:26]} Ne4 {[%clk 0:38:35]} 24. f5 {[%clk 0:38:46]} d4 {[%clk 0:37:06]}
25. f6 {[%clk 0:35:34]} Nd5 {[%clk 0:36:01]} 26. Qf1 {[%clk 0:26:13]} Ndc3+
{[%clk 0:35:27]} 27. Kb2 {[%clk 0:22:13]} Qa5 {[%clk 0:32:32]} 28. Rxc3
{[%clk 0:19:02]} dxc3+ {[%clk 0:32:27]} 29. Ka1 {[%clk 0:19:01]} Qxe5
{[%clk 0:28:39]} 30. Qxa6 {[%clk 0:19:08]} Nxg5 {[%clk 0:27:03]} 31. Qc8+
{[%clk 0:19:18]} Kf7 {[%clk 0:27:15]} 32. Qd7+ {[%clk 0:16:49]} Kg8
{[%clk 0:27:22]} 33. Qg7# {[%clk 0:16:48]} 1-0

[Event "EYCC 2024 - O08"]
[Site "?"]
[Date "2024.08.29"]
[Round "7.12"]
[White "Predarski, Stefan"]
[Black "Donets, Tymur"]
[Result "1/2-1/2"]
[BlackElo "1559"]
[WhiteElo "1734"]
[LiveChessVersion "1.4.8"]

1. d4 {[%clk 1:30:55]} d5 {[%clk 1:30:53]} 2. Nc3 {[%clk 1:30:54]} Nf6
{[%clk 1:31:03]} 3. Bf4 {[%clk 1:31:10]} c5 {[%clk 1:30:32]} 4. e3
{[%clk 1:29:40]} cxd4 {[%clk 1:30:25]} 5. exd4 {[%clk 1:29:51]} a6
{[%clk 1:30:33]} 6. Bd3 {[%clk 1:29:24]} Nc6 {[%clk 1:30:16]} 7. Nf3
{[%clk 1:28:09]} Bg4 {[%clk 1:29:45]} 8. Be2 {[%clk 1:26:55]} e6 {[%clk 1:27:12]}
9. h3 {[%clk 1:24:12]} Bxf3 {[%clk 1:26:17]} 10. Bxf3 {[%clk 1:24:24]} Bd6
{[%clk 1:25:25]} 11. Bxd6 {[%clk 1:24:00]} Qxd6 {[%clk 1:25:35]} 12. O-O
{[%clk 1:21:29]} Rc8 {[%clk 1:19:50]} 13. Re1 {[%clk 1:19:30]} O-O 14. Rc1
{[%clk 1:16:00]} Rc7 {[%clk 1:14:51]} 15. Na4 {[%clk 1:12:19]} b5
{[%clk 1:12:28]} 16. Nc5 {[%clk 1:12:22]} Nxd4 {[%clk 1:10:52]} 17. Qxd4
{[%clk 1:10:16]} Qxc5 {[%clk 1:10:08]} 18. Qxc5 {[%clk 1:07:06]} Rxc5
{[%clk 1:10:19]} 19. c3 {[%clk 1:05:36]} Rfc8 {[%clk 1:09:35]} 20. Rc2
{[%clk 1:00:55]} b4 {[%clk 1:08:24]} 21. Rb1 {[%clk 0:56:30]} h6 {[%clk 1:06:25]}
22. Rbc1 {[%clk 0:51:06]} R8c7 {[%clk 1:03:40]} 23. Be2 {[%clk 0:46:02]} a5
{[%clk 1:02:34]} 24. Bd3 {[%clk 0:43:38]} bxc3 {[%clk 0:59:40]} 25. Rxc3
{[%clk 0:39:25]} Rxc3 {[%clk 0:59:52]} 26. Rxc3 {[%clk 0:39:45]} Rxc3
{[%clk 1:00:14]} 27. bxc3 {[%clk 0:40:08]} Kf8 {[%clk 1:00:05]} 28. Kf1
{[%clk 0:38:40]} Ke7 {[%clk 0:58:15]} 29. Ke2 {[%clk 0:35:51]} Kd6
{[%clk 0:56:01]} 30. Ke3 {[%clk 0:30:04]} Kc5 {[%clk 0:53:23]} 31. f3
{[%clk 0:26:39]} e5 {[%clk 0:49:31]} 32. g4 {[%clk 0:20:36]} g5 {[%clk 0:46:25]}
33. a4 {[%clk 0:18:19]} d4+ {[%clk 0:44:34]} 34. Kd2 {[%clk 0:14:29]} Nd5
{[%clk 0:41:17]} 35. cxd4+ {[%clk 0:12:28]} exd4 {[%clk 0:40:40]} 36. Bb5
{[%clk 0:11:35]} Nc3 {[%clk 0:38:49]} 37. Be8 {[%clk 0:11:32]} f6
{[%clk 0:36:47]} 38. Kd3 {[%clk 0:10:48]} Kd5 {[%clk 0:36:20]} 1/2-1/2